[Event "Arco Christmas op 7th"]
[Site "Arco"]
[Date "2016.12.29"]
[Round "6"]
[White "Santeramo, Domenico"]
[Black "Belli, Giorgio"]
[Result "1-0"]
[WhiteElo "2089"]
[BlackElo "2157"]
[PlyCount "111"]
[EventDate "2016.12.26"]
[EventType "swiss"]
[EventRounds "7"]
[EventCountry "ITA"]
[SourceTitle "CBM 176 Extra"]
[Source "ChessBase"]
[SourceDate "2017.03.02"]
[SourceVersion "1"]
[SourceVersionDate "2017.03.02"]
[SourceQuality "1"]

1. e4 c5 2. Nf3 d6 3. d4 cxd4 4. Nxd4 Nf6 5. Nc3 a6 6. Bc4 b5 7. Bb3 e6 8. 0-0 Be7 9. Re1 Qb6 10. Be3 Qb7 11. Qf3 Nbd7 12. Bg5 0-0 13. a3 Ne5 14. Qe2 Bd7 15. Rad1 Rac8 16. Nb1 a5 17. Nd2 a4 18. Ba2 b4 19. Nc4 h6 20. Bc1 bxa3 21. Nxa3 Rfe8 22. Nc4 Nxc4 23. Bxc4 Qxe4 24. Qxe4 Nxe4 25. Ba6 Rc5 26. Rxe4 e5 27. Nf3 Ra8 28. Bd3 Bf5 29. Rb4 Bxd3 30. cxd3 d5 31. Rb7 Bf6 32. g3 Rac8 33. Bd2 e4 34. Ne1 Be5 35. dxe4 dxe4 36. Be3 R5c7 37. Rb4 Rc4 38. Rb7 R4c7 39. Rxc7 Rxc7 40. Bd4 Rd7 41. Nc2 f5 42. Kf1 g5 43. Ke2 Bb8 44. Bc3 Rxd1 45. Kxd1 Kf7 46. Ke2 Kg6 47. Ne3 f4 48. Nc4 Kf5 49. Nb6 Kg4 50. Kf1 Kh3 51. Kg1 h5 52. Nxa4 h4 53. gxh4 gxh4 54. Nc5 e3 55. f3 Bc7 56. Ne6 1-0

[Event "Arco Christmas op 7th"]
[Site "Arco"]
[Date "2016.12.28"]
[Round "4"]
[White "Luciani, Valerio"]
[Black "Santeramo, Domenico"]
[Result "1-0"]
[WhiteElo "2246"]
[BlackElo "2089"]
[PlyCount "79"]
[EventDate "2016.12.26"]
[EventType "swiss"]
[EventRounds "7"]
[EventCountry "ITA"]
[SourceTitle "CBM 176 Extra"]
[Source "ChessBase"]
[SourceDate "2017.03.02"]
[SourceVersion "1"]
[SourceVersionDate "2017.03.02"]
[SourceQuality "1"]

1. d4 e6 2. e4 c5 3. c3 d5 4. e5 Nc6 5. Be3 b6 6. Bb5 Bd7 7. Be2 Qc7 8. f4 cxd4 9. cxd4 Bb4+ 10. Kf2 f5 11. a3 Be7 12. b4 Nh6 13. h3 0-0 14. Nf3 Nd8 15. Qd2 b5 16. Qb2 Qb6 17. Ne1 Nhf7 18. Nd3 g5 19. g3 Kh8 20. Nc5 Be8 21. Bf3 gxf4 22. gxf4 Bh4+ 23. Ke2 Nb7 24. Nc3 Nfd8 25. Kd3 Nxc5+ 26. dxc5 Qb7 27. Rhg1 Bc6 28. Bd4 Nf7 29. Ke3 Nh6 30. Be2 Ng8 31. Bd3 Ne7 32. Qe2 Be8 33. Bxb5 Nc6 34. Bxc6 Qxc6 35. b5 Qc7 36. a4 Be7 37. c6 Bg6 38. h4 Bxh4 39. Qh2 Qd8 40. Rg2 1-0

[Event "ITA-ch U20"]
[Site "Porto San Giorgio"]
[Date "2013.08.28"]
[Round "8"]
[White "Dionigi, Riccardo"]
[Black "Santeramo, Domenico"]
[Result "0-1"]
[WhiteElo "1953"]
[BlackElo "2059"]
[PlyCount "53"]
[EventDate "2013.08.21"]
[EventType "swiss"]
[EventRounds "9"]
[EventCountry "ITA"]
[SourceTitle "EXT 2015"]
[Source "ChessBase"]
[SourceDate "2014.11.20"]
[SourceVersion "1"]
[SourceVersionDate "2014.11.20"]
[SourceQuality "1"]

1. d4 Nf6 2. c4 g6 3. f3 c5 4. d5 d6 5. e4 Bg7 6. Ne2 b5 7. cxb5 a6 8. Nec3 0-0 9. Be3 e6 10. dxe6 Bxe6 11. Be2 axb5 12. Bxb5 Qb6 13. Qd3 Rd8 14. 0-0 Nc6 15. Bxc6 Qxc6 16. a4 d5 17. exd5 Nxd5 18. Nxd5 Rxd5 19. Qc2 Bf5 20. Qf2 Re5 21. Kh1 Rae8 22. Ra3 Qe6 23. Bd2 Re2 24. Qxc5 Bxb1 25. Bc3 Bxc3 26. Qxc3 Re1 27. Qc5 0-1

[Event "ITA-ch U20"]
[Site "Porto San Giorgio"]
[Date "2013.08.26"]
[Round "6"]
[White "Miracola, Massimiliano"]
[Black "Santeramo, Domenico"]
[Result "1-0"]
[WhiteElo "2149"]
[BlackElo "2059"]
[PlyCount "85"]
[EventDate "2013.08.21"]
[EventType "swiss"]
[EventRounds "9"]
[EventCountry "ITA"]
[SourceTitle "EXT 2015"]
[Source "ChessBase"]
[SourceDate "2014.11.20"]
[SourceVersion "1"]
[SourceVersionDate "2014.11.20"]
[SourceQuality "1"]

1. g3 Nf6 2. Bg2 d5 3. c4 c6 4. Nf3 dxc4 5. Qc2 g6 6. Qxc4 Bg7 7. 0-0 0-0 8. Nc3 Nbd7 9. d4 Qa5 10. e4 e5 11. dxe5 Nxe5 12. Nxe5 Qxe5 13. Qe2 Re8 14. h3 h5 15. Bf4 Qa5 16. Rad1 Nd7 17. Be3 Nf6 18. f4 Be6 19. Qf2 Bc4 20. Rfe1 b6 21. Rd4 b5 22. a3 Nh7 23. e5 c5 24. Rxc4 bxc4 25. Bxa8 Rxa8 26. Bxc5 Bf8 27. Bxf8 Nxf8 28. Ne4 Rb8 29. Re2 Kg7 30. Nd6 c3 31. bxc3 Qxc3 32. f5 Rb1+ 33. Kh2 Qc1 34. Qg2 Qd1 35. e6 fxe6 36. fxe6 Nxe6 37. Rxe6 Qd4 38. Re7+ Kf6 39. Rf7+ Ke6 40. Qa2+ Kxd6 41. Qxb1 Qd2+ 42. Kg1 Qe3+ 43. Kg2 1-0

[Event "ITA-ch U20"]
[Site "Porto San Giorgio"]
[Date "2013.08.22"]
[Round "2"]
[White "Altini, Nicola"]
[Black "Santeramo, Domenico"]
[Result "1-0"]
[WhiteElo "2347"]
[BlackElo "2059"]
[PlyCount "159"]
[EventDate "2013.08.21"]
[EventType "swiss"]
[EventRounds "9"]
[EventCountry "ITA"]
[SourceTitle "EXT 2015"]
[Source "ChessBase"]
[SourceDate "2014.11.20"]
[SourceVersion "1"]
[SourceVersionDate "2014.11.20"]
[SourceQuality "1"]

1. d4 d5 2. c4 c6 3. Nf3 Nf6 4. Nc3 dxc4 5. a4 Bf5 6. e3 e6 7. Bxc4 Bb4 8. 0-0 0-0 9. Qe2 Bg6 10. Ne5 Nbd7 11. Nxg6 hxg6 12. Rd1 Qc7 13. e4 e5 14. d5 Nb6 15. dxc6 Bxc3 16. bxc3 Qxc6 17. Bb5 Qxe4 18. a5 Qxe2 19. Bxe2 Nbd5 20. Bb2 Nf4 21. Bf1 e4 22. c4 Rfd8 23. Rab1 Rxd1 24. Rxd1 Ne6 25. Rb1 Nd7 26. Bc1 Ndc5 27. Be3 Rc8 28. f3 exf3 29. gxf3 Rc7 30. f4 a6 31. Bg2 Rd7 32. Bd5 Kf8 33. h4 Ke7 34. Kg2 Kf6 35. Kf3 Rc7 36. Kg4 Ke7 37. h5 gxh5+ 38. Kxh5 g6+ 39. Kg4 Kf6 40. Bd2 Ke7 41. Bb4 Ke8 42. Bc3 Nd7 43. f5 gxf5+ 44. Kxf5 Ke7 45. Rh1 Ndf8 46. Rh8 Nd7 47. Bb4+ Ndc5 48. Bc3 Nd7 49. Bb2 Nef8 50. Ba3+ Nc5 51. Bxb7 Ng6 52. Ra8 Rxb7 53. Bxc5+ Kd7 54. Rxa6 Rc7 55. Rd6+ Kc8 56. Bb6 Rxc4 57. a6 Ne7+ 58. Ke5 Nc6+ 59. Kd5 Rc1 60. a7 Rd1+ 61. Kc5 Rc1+ 62. Kb5 Nxa7+ 63. Bxa7 Kb7 64. Bc5 Rb1+ 65. Bb4 Rc1 66. Rf6 Rc7 67. Bd6 Rd7 68. Kc5 Rd8 69. Rxf7+ Ka6 70. Kc6 Rc8+ 71. Bc7 Rg8 72. Rf1 Rg6+ 73. Bd6 Rg5 74. Ra1+ Ra5 75. Rb1 Rg5 76. Rb6+ Ka5 77. Rb3 Ka6 78. Rb8 Ka7 79. Rh8 Rf5 80. Bc5+ 1-0

[Event "Campobasso op 20th"]
[Site "Campobasso"]
[Date "2013.08.04"]
[Round "5"]
[White "Chiaretti, Roberto"]
[Black "Santeramo, Domenico"]
[Result "0-1"]
[WhiteElo "2212"]
[BlackElo "2059"]
[PlyCount "88"]
[EventDate "2013.08.02"]
[EventType "swiss"]
[EventRounds "6"]
[EventCountry "ITA"]
[SourceTitle "EXT 2015"]
[Source "ChessBase"]
[SourceDate "2014.11.20"]
[SourceVersion "1"]
[SourceVersionDate "2014.11.20"]
[SourceQuality "1"]

1. e4 e6 2. d4 d5 3. Nc3 Bb4 4. exd5 exd5 5. Qf3 Ne7 6. Bd3 Nbc6 7. Nge2 Be6 8. a3 Ba5 9. Qg3 g6 10. Bg5 Qd7 11. 0-0 0-0-0 12. Bf6 Rhg8 13. b4 Bb6 14. Na4 Rde8 15. Nc5 Bxc5 16. dxc5 Bf5 17. b5 Na5 18. Nd4 Bxd3 19. Qxd3 c6 20. Rab1 Nf5 21. Rb4 Nxd4 22. Bxd4 cxb5 23. Rxb5 Nc6 24. c3 Ne5 25. Qb1 Qc6 26. a4 Nc4 27. Qc1 f5 28. Qg5 Re6 29. h4 Rge8 30. h5 Re4 31. hxg6 hxg6 32. Qh6 Na3 33. Rb2 Nc4 34. Rb4 Re2 35. Rd1 a5 36. Rb5 Re1+ 37. Rxe1 Rxe1+ 38. Kh2 Qc7+ 39. g3 Qf7 40. Kg2 Qe8 41. Kh2 Qe4 42. Qf8+ Qe8 43. Qf6 Nd2 44. Rb6 Nf3+ 0-1

[Event "Cesenatico op 16th"]
[Site "Cesenatico"]
[Date "2012.09.04"]
[Round "4"]
[White "Valsecchi, Alessio"]
[Black "Santeramo, Domenico"]
[Result "1-0"]
[WhiteElo "2427"]
[BlackElo "2066"]
[PlyCount "135"]
[EventDate "2012.09.01"]
[EventType "swiss"]
[EventRounds "9"]
[EventCountry "ITA"]
[SourceTitle "CBM 150 Extra"]
[Source "ChessBase"]
[SourceDate "2012.10.19"]
[SourceVersion "1"]
[SourceVersionDate "2012.10.19"]
[SourceQuality "1"]

1. g3 Nf6 2. Bg2 e5 3. c4 Bc5 4. Nc3 0-0 5. d3 Nc6 6. a3 a5 7. Nf3 d5 8. cxd5 Nxd5 9. Bd2 Nxc3 10. Bxc3 Qe7 11. 0-0 Rd8 12. Qc2 Nd4 13. Bxd4 exd4 14. Rfe1 Be6 15. Nd2 Bd5 16. Rac1 Bxg2 17. Qxc5 Qxc5 18. Rxc5 Bc6 19. Rec1 a4 20. Nc4 f6 21. f3 Rd5 22. Nd2 Ra5 23. Rxa5 Rxa5 24. b4 Re5 25. Kf2 Kf7 26. g4 Re7 27. h4 h6 28. Rc4 Rd7 29. Ne4 Bb5 30. Rc5 c6 31. h5 b6 32. Rc1 Ke6 33. Ng3 Kd5 34. Nf5 c5 35. bxc5 bxc5 36. Rb1 Kc6 37. Ke1 Kb6 38. Kd2 Ka6 39. f4 Kb6 40. Ng3 Rd5 41. Ne4 Ka5 42. Nf2 Rd7 43. Rg1 Rd5 44. Rg3 Kb6 45. e4 dxe3+ 46. Rxe3 Rd7 47. Kc3 Bc6 48. Re6 Kb5 49. Ne4 Bd5 50. Rd6 Rxd6 51. Nxd6+ Kc6 52. Ne8 Bf3 53. g5 fxg5 54. fxg5 hxg5 55. Nxg7 Bd5 56. h6 Bg8 57. Nh5 g4 58. Kd2 g3 59. Ke3 g2 60. Kf2 g1Q+ 61. Kxg1 Bh7 62. Kf2 Bxd3 63. Ke3 Bg6 64. Nf6 Kb5 65. Ng4 Bf5 66. Ne5 Bh7 67. Kd2 Kb6 68. Ng4 1-0

[Event "ITA-ch B"]
[Site "Civitanova Marche"]
[Date "2012.07.19"]
[Round "5"]
[White "Rinaudo, Andrea"]
[Black "Santeramo, Domenico"]
[Result "0-1"]
[WhiteElo "2103"]
[BlackElo "2042"]
[PlyCount "94"]
[EventDate "2012.07.15"]
[EventType "swiss"]
[EventRounds "8"]
[EventCountry "ITA"]
[SourceTitle "EXT 2023"]
[Source "ChessBase"]
[SourceDate "2022.10.05"]
[SourceVersion "1"]
[SourceVersionDate "2022.10.05"]
[SourceQuality "1"]

1. e4 e6 2. d4 d5 3. exd5 exd5 4. Bd3 Bd6 5. Ne2 Ne7 6. 0-0 Nbc6 7. Nbc3 Bg4 8. f3 Bf5 9. Nxd5 Bxh2+ 10. Kxh2 Qxd5 11. c4 Qd7 12. Be4 0-0-0 13. Be3 Bxe4 14. fxe4 Qg4 15. Rf4 Qh5+ 16. Kg1 Ne5 17. b3 g5 18. Rf2 Ng4 19. Rf3 Qh2+ 20. Kf1 Qh1+ 21. Ng1 Nh2+ 22. Kf2 Nxf3 23. Qxf3 Qh4+ 24. Ke2 Rhe8 25. Kd3 Nc6 26. Qf5+ Kb8 27. Nf3 Qg3 28. Qxg5 Qd6 29. c5 Qe6 30. Qf5 Nb4+ 31. Kd2 Qxf5 32. exf5 Rxe3 33. Kxe3 Nc2+ 34. Kd2 Nxa1 35. Kc1 Rg8 36. Kb2 Nxb3 37. Kxb3 Rxg2 38. Ne5 Rf2 39. Nxf7 Rxf5 40. Nh6 Rf6 41. Ng8 Rf4 42. Kc3 h5 43. d5 h4 44. Ne7 h3 45. d6 cxd6 46. cxd6 h2 47. d7 Rf8 0-1

[Event "Campobasso op 18th"]
[Site "Campobasso "]
[Date "2011.07.23"]
[Round "4"]
[White "Santeramo, Domenico"]
[Black "Collutiis, Duilio"]
[Result "0-1"]
[WhiteElo "1967"]
[BlackElo "2468"]
[PlyCount "64"]
[EventDate "2011.08.06"]
[EventType "swiss"]
[EventRounds "6"]
[EventCountry "ITA"]
[SourceTitle "EXT 2014"]
[Source "ChessBase"]
[SourceDate "2013.11.20"]
[SourceVersion "1"]
[SourceVersionDate "2013.11.20"]
[SourceQuality "1"]

1. e4 c5 2. Nf3 Nc6 3. Bb5 e6 4. Nc3 Nge7 5. d4 cxd4 6. Nxd4 a6 7. Bxc6 bxc6 8. 0-0 e5 9. Nf3 Ng6 10. Be3 Be7 11. Na4 Rb8 12. c4 d6 13. b3 0-0 14. Nc3 f5 15. exf5 Bxf5 16. Qd2 h6 17. Ne1 Rb7 18. Rd1 Rd7 19. Na4 d5 20. Nb6 Rb7 21. cxd5 Rxb6 22. d6 Bg5 23. Bxb6 Qxb6 24. Qc3 Nf4 25. Kh1 Bf6 26. Nc2 Be4 27. Ne3 Kh8 28. Qc4 Bd5 29. Qa4 e4 30. Ng4 Nd3 31. f3 exf3 32. gxf3 Nb2 0-1

[Event "Campobasso op 18th"]
[Site "Campobasso "]
[Date "2011.07.22"]
[Round "1"]
[White "Dragojlovic, Andjelko"]
[Black "Santeramo, Domenico"]
[Result "1-0"]
[WhiteElo "2380"]
[BlackElo "1967"]
[PlyCount "101"]
[EventDate "2011.08.06"]
[EventType "swiss"]
[EventRounds "6"]
[EventCountry "ITA"]
[SourceTitle "EXT 2014"]
[Source "ChessBase"]
[SourceDate "2013.11.20"]
[SourceVersion "1"]
[SourceVersionDate "2013.11.20"]
[SourceQuality "1"]

1. Nf3 d5 2. g3 b6 3. Bg2 Bb7 4. 0-0 Nd7 5. c4 e6 6. d4 Ngf6 7. Nc3 Be7 8. cxd5 exd5 9. Ne5 0-0 10. Qa4 Nxe5 11. dxe5 Ne4 12. Nxe4 dxe4 13. Bxe4 Bxe4 14. Qxe4 Qd7 15. Be3 Rad8 16. Qb7 c5 17. Qxd7 Rxd7 18. Rad1 Rfd8 19. Rxd7 Rxd7 20. Rc1 Kf8 21. f4 Rd5 22. Kf2 Ke8 23. Kf3 Kd7 24. Ke4 Kc6 25. g4 a6 26. h4 b5 27. g5 Rd8 28. h5 g6 29. f5 a5 30. Rf1 Rf8 31. Rd1 gxf5+ 32. Kxf5 Rg8 33. e6 fxe6+ 34. Kxe6 Bxg5 35. Rd6+ Kc7 36. Bxg5 Rxg5 37. Rd5 Rg2 38. Rxc5+ Kb6 39. Re5 Rf2 40. Kd5 Rf7 41. Re6+ Kc7 42. h6 Rf5+ 43. Re5 Rf7 44. Kc5 b4 45. Rg5 Rf2 46. Rg7+ Kb8 47. Rxh7 Rxe2 48. Rg7 Rh2 49. h7 Rh5+ 50. Kb6 Rh6+ 51. Kxa5 1-0

[Event "Campobasso op 18th"]
[Site "Campobasso "]
[Date "2011.07.22"]
[Round "2"]
[White "Santeramo, Domenico"]
[Black "Chicco, Giancarlo"]
[Result "1-0"]
[WhiteElo "1967"]
[BlackElo "1457"]
[PlyCount "51"]
[EventDate "2011.08.06"]
[EventType "swiss"]
[EventRounds "6"]
[EventCountry "ITA"]
[SourceTitle "EXT 2014"]
[Source "ChessBase"]
[SourceDate "2013.11.20"]
[SourceVersion "1"]
[SourceVersionDate "2013.11.20"]
[SourceQuality "1"]

1. e4 b6 2. Nc3 Bb7 3. Bc4 e6 4. d4 d6 5. f4 g6 6. Nf3 Bg7 7. f5 exf5 8. exf5 Ne7 9. fxg6 hxg6 10. 0-0 d5 11. Bd3 0-0 12. Bg5 f6 13. Bd2 Nd7 14. Nh4 f5 15. Nf3 c6 16. Bg5 Nf6 17. Ne5 Bc8 18. Ne2 Kh7 19. Nf4 Bd7 20. Rf3 Be8 21. Rh3+ Nh5 22. Nfxg6 Bxg6 23. Nxg6 Bxd4+ 24. Kh1 Kxg6 25. Qxh5+ Kg7 26. Qh7# 1-0

[Event "Bisaccia op 3rd"]
[Site "Bisaccia"]
[Date "2011.06.04"]
[Round "5"]
[White "D'Aquino, Ugo"]
[Black "Santeramo, Domenico"]
[Result "0-1"]
[WhiteElo "1941"]
[BlackElo "1994"]
[PlyCount "42"]
[EventDate "2011.06.08"]
[EventType "swiss"]
[EventRounds "7"]
[EventCountry "ITA"]
[SourceTitle "EXT 2014"]
[Source "ChessBase"]
[SourceDate "2013.11.20"]
[SourceVersion "1"]
[SourceVersionDate "2013.11.20"]
[SourceQuality "1"]

1. e4 e6 2. d4 d5 3. exd5 exd5 4. Bd3 Bd6 5. Ne2 Qh4 6. Ng3 Ne7 7. c3 0-0 8. Nd2 Bg4 9. Nf3 Qf6 10. Bxh7+ Kxh7 11. Ng5+ Qxg5 12. Bxg5 Bxd1 13. Rxd1 f6 14. Be3 Nd7 15. Kd2 f5 16. f4 Nf6 17. a3 Ng6 18. Rhf1 Rae8 19. Ne2 Re6 20. Rfe1 Rfe8 21. Ng1 Nxf4 0-1

[Event "Bisaccia op 3rd"]
[Site "Bisaccia"]
[Date "2011.06.03"]
[Round "2"]
[White "Santeramo, Domenico"]
[Black "Santeramo, Alessia Carmen"]
[Result "1-0"]
[WhiteElo "1994"]
[BlackElo "1667"]
[PlyCount "89"]
[EventDate "2011.06.08"]
[EventType "swiss"]
[EventRounds "7"]
[EventCountry "ITA"]
[SourceTitle "EXT 2014"]
[Source "ChessBase"]
[SourceDate "2013.11.20"]
[SourceVersion "1"]
[SourceVersionDate "2013.11.20"]
[SourceQuality "1"]

1. e4 c5 2. Nf3 e6 3. d4 cxd4 4. Nxd4 a6 5. c4 Nf6 6. Bd3 Nc6 7. Be3 Qc7 8. Nd2 b6 9. a3 Bc5 10. N2b3 Nxd4 11. Nxd4 Bb7 12. b4 Bxd4 13. Bxd4 e5 14. Be3 Bxe4 15. Bxe4 Nxe4 16. Qd5 Qc6 17. Qxe5+ Qe6 18. Qxg7 0-0-0 19. Qd4 Kc7 20. Rd1 Rhg8 21. f3 Nf6 22. Qf4+ Kb7 23. Rd6 Qxe3+ 24. Qxe3 Rge8 25. Kf2 Rxe3 26. Kxe3 Re8+ 27. Kf2 Re6 28. Rhd1 Kc7 29. c5 bxc5 30. bxc5 a5 31. g4 h6 32. h4 a4 33. g5 hxg5 34. hxg5 Nh7 35. Rxd7+ Kc6 36. Rxf7 Nxg5 37. Rf5 Nh7 38. Rd4 Re7 39. Rxa4 Kb5 40. Rb4+ Kc6 41. Rb6+ Kc7 42. a4 Kc8 43. a5 Ra7 44. c6 Rc7 45. Rb7 1-0

[Event "Campobasso op-A 17th"]
[Site "Campobasso"]
[Date "2010.07.25"]
[Round "5"]
[White "Arbore, Daniele"]
[Black "Santeramo, Domenico"]
[Result "0-1"]
[WhiteElo "1374"]
[BlackElo "1905"]
[PlyCount "110"]
[EventDate "2010.07.22"]
[EventType "swiss"]
[EventRounds "6"]
[EventCountry "ITA"]
[SourceTitle "EXT 2013"]
[Source "ChessBase"]
[SourceDate "2012.11.22"]
[SourceVersion "1"]
[SourceVersionDate "2012.11.22"]
[SourceQuality "1"]

1. e4 e6 2. d4 d5 3. e5 c5 4. c3 Qb6 5. Nf3 Nc6 6. Bd3 cxd4 7. cxd4 Bd7 8. Bc2 Nb4 9. Bb3 Bb5 10. Nc3 Nd3+ 11. Kd2 Nxf2 12. Qe1 Nxh1 13. Qxh1 Bb4 14. Kc2 Rc8 15. a3 Bxc3 16. bxc3 Qa5 17. Bd2 Ba4 18. Qb1 Ne7 19. Bxa4+ Qxa4+ 20. Qb3 Qxb3+ 21. Kxb3 Nc6 22. Rb1 Na5+ 23. Kc2 b6 24. Kd3 Ke7 25. Bg5+ f6 26. exf6+ gxf6 27. Bh4 Kf7 28. Nd2 Rhg8 29. g3 Nc4 30. Nxc4 Rxc4 31. Rb4 Rgc8 32. Rb3 h5 33. h3 Rg8 34. Rb4 Rxb4 35. axb4 a5 36. bxa5 bxa5 37. Kc2 Rb8 38. g4 hxg4 39. hxg4 a4 40. Bg3 Rg8 41. Bd6 Rxg4 42. Kb2 Rg8 43. Ka3 Ra8 44. Kb2 Kg6 45. Ba3 e5 46. Kc2 e4 47. Kd2 f5 48. Ke3 Kg5 49. Be7+ Kg4 50. Ba3 f4+ 51. Ke2 f3+ 52. Kf2 Kh3 53. Kf1 e3 54. Kg1 Rb8 55. Bc1 Rb1 0-1

[Event "Campobasso op-A 17th"]
[Site "Campobasso"]
[Date "2010.07.23"]
[Round "3"]
[White "Petruccioli, Antonio"]
[Black "Santeramo, Domenico"]
[Result "0-1"]
[WhiteElo "2113"]
[BlackElo "1905"]
[PlyCount "136"]
[EventDate "2010.07.22"]
[EventType "swiss"]
[EventRounds "6"]
[EventCountry "ITA"]
[SourceTitle "EXT 2013"]
[Source "ChessBase"]
[SourceDate "2012.11.22"]
[SourceVersion "1"]
[SourceVersionDate "2012.11.22"]
[SourceQuality "1"]

1. e4 e6 2. b3 d5 3. Nc3 dxe4 4. Nxe4 Qd4 5. Nc3 Bc5 6. Qe2 Nf6 7. Nf3 Qd8 8. Qb5+ Nbd7 9. d4 c6 10. Qd3 Bb4 11. a3 Qa5 12. Bd2 Nd5 13. Ne4 Bxd2+ 14. Nfxd2 Qc7 15. c4 N5f6 16. c5 Nxe4 17. Nxe4 0-0 18. Be2 b6 19. 0-0 e5 20. b4 a5 21. Qg3 Ba6 22. Bxa6 Rxa6 23. Qd3 Rfa8 24. Ng5 Nf8 25. cxb6 Rxb6 26. dxe5 Qxe5 27. f4 Qf6 28. Ne4 Qd8 29. Qxd8 Rxd8 30. bxa5 Ra6 31. Nc5 Raa8 32. Rac1 h6 33. a6 Rd6 34. Rf3 Rd2 35. Rb3 Ra2 36. f5 Rd2 37. g4 h5 38. gxh5 Rd5 39. Rf3 Nh7 40. Kg2 Nf6 41. Rc4 Nxh5 42. a4 Nf6 43. Kh3 Ra7 44. Kh4 Kf8 45. Rff4 Ke7 46. Rf3 Kd6 47. Nb7+ Kd7 48. Rfc3 Rxa6 49. Nc5+ Rxc5 50. Rxc5 Rxa4+ 51. R3c4 Rxc4+ 52. Rxc4 Kd6 53. Kg5 Kd5 54. Rc1 c5 55. h4 c4 56. h5 Kd4 57. h6 Nh7+ 58. Kf4 gxh6 59. Rd1+ Kc5 60. Rh1 Nf6 61. Rxh6 c3 62. Rh8 Kd4 63. Rd8+ Nd5+ 64. Kf3 c2 65. Rc8 Nc3 66. Rd8+ Ke5 67. Re8+ Kxf5 68. Re1 Nd1 0-1

[Event "Campobasso op-A 17th"]
[Site "Campobasso"]
[Date "2010.07.23"]
[Round "2"]
[White "Santeramo, Domenico"]
[Black "Cordi, Domenico"]
[Result "1-0"]
[WhiteElo "1905"]
[BlackElo "2047"]
[PlyCount "63"]
[EventDate "2010.07.22"]
[EventType "swiss"]
[EventRounds "6"]
[EventCountry "ITA"]
[SourceTitle "EXT 2013"]
[Source "ChessBase"]
[SourceDate "2012.11.22"]
[SourceVersion "1"]
[SourceVersionDate "2012.11.22"]
[SourceQuality "1"]

1. e4 Nf6 2. e5 Nd5 3. c4 Nb6 4. Nc3 d6 5. exd6 cxd6 6. d4 g6 7. h4 h5 8. Nh3 Bg7 9. Be3 Nc6 10. Qd2 Bf5 11. Bd3 Bxd3 12. Qxd3 Nb4 13. Qd1 0-0 14. a3 Nc6 15. b3 e5 16. d5 Nd4 17. Bg5 Qd7 18. Ne4 f5 19. Nc3 Rae8 20. Ne2 Nxe2 21. Qxe2 f4 22. Qe4 Qf5 23. f3 Nd7 24. Qxf5 Rxf5 25. 0-0 Bf6 26. Rae1 Rb8 27. Bxf6 Nxf6 28. Ng5 b5 29. Rb1 Ne8 30. Rfc1 Rf8 31. Ne4 Rf7 32. b4 1-0

[Event "ITA-ch sf 70th"]
[Site "Torino"]
[Date "2010.06.25"]
[Round "7"]
[White "Stella, Andrea"]
[Black "Santeramo, Domenico"]
[Result "1-0"]
[WhiteElo "2308"]
[BlackElo "1884"]
[PlyCount "57"]
[EventDate "2010.06.20"]
[EventType "swiss"]
[EventRounds "9"]
[EventCountry "ITA"]
[SourceTitle "CBM 137 Extra"]
[Source "ChessBase"]
[SourceDate "2010.09.01"]
[SourceVersion "1"]
[SourceVersionDate "2010.09.01"]
[SourceQuality "1"]

1. d4 Nf6 2. c4 g6 3. Nc3 d5 4. cxd5 Nxd5 5. e4 Nxc3 6. bxc3 Bg7 7. Bc4 0-0 8. Ne2 c5 9. 0-0 Nc6 10. Be3 Na5 11. Bd3 cxd4 12. cxd4 Nc6 13. Bb5 Bd7 14. Rb1 Na5 15. Qa4 Bxb5 16. Rxb5 b6 17. Rd5 Qe8 18. Qxe8 Rfxe8 19. Rc1 e6 20. Rd7 Red8 21. Rxd8+ Rxd8 22. g4 e5 23. d5 Nb7 24. Rc7 Nd6 25. Ng3 Nb5 26. Rb7 Ra8 27. a4 Nd6 28. Rd7 Nc8 29. Rd8+ 1-0